[Event "SR 2. liga A 2009/2010"]
[Site "?"]
[Date "2010.02.28"]
[Round "11.7"]
[White "Mosny, Jaroslav"]
[Black "Goga, Frantisek"]
[Result "1-0"]
[WhiteElo "2014"]
[BlackElo "1984"]
[PlyCount "189"]
[EventDate "2009.??.??"]
[WhiteTeam "Slovakia"]
[BlackTeam "II"]
[WhiteTeamCountry "SVK"]
[BlackTeamCountry "SVK"]

1. d4 Nf6 2. Nf3 d6 3. c4 g6 4. Nc3 Bg7 5. g3 O-O 6. Bg2 c5 7. d5 Na6 8. O-O
Bd7 9. a4 Nb4 10. e4 a6 11. Re1 Qc7 12. Bf1 Bg4 13. Be2 Rad8 14. Kg2 h6 15. Ng1
Bc8 16. f4 Kh7 17. Nf3 Ng8 18. h3 e5 19. fxe5 dxe5 20. Rf1 f5 21. Bd3 Nxd3 22.
Qxd3 Qd7 23. Ng1 Nf6 24. Be3 Qe7 25. Nge2 Nxe4 26. Nxe4 fxe4 27. Qd2 Qd7 28.
Ng1 b6 29. b3 Qd6 30. Qe2 h5 31. Bg5 Rxf1 32. Rxf1 Rf8 33. Rxf8 Qxf8 34. Qf2
Qf5 35. Be3 Bh6 36. Bxh6 Kxh6 37. Qe3+ Kg7 38. h4 Qg4 39. Qe2 Kf6 40. Qf2+ Bf5
41. a5 e3 42. Qxe3 Qe4+ 43. Kf2 bxa5 44. Qxc5 Qd4+ 45. Qxd4 exd4 46. Nf3 Bd3
47. Nxd4 a4 48. Ke3 Bf1 49. bxa4 Bxc4 50. Ke4 a5 51. Nc6 Bb3 52. Nxa5 Bxa4 53.
Nb7 g5 54. Nc5 Bc2+ 55. Kd4 gxh4 56. gxh4 Bf5 57. d6 Bh3 58. Ke4 Bg2+ 59. Kf4
Kf7 60. Ke5 Ke8 61. Kf6 Bh3 62. Kg5 Bg4 63. Kg6 Bf3 64. Kh6 Bg4 65. Kg5 Bf3 66.
Nd3 Be2 67. Ne5 Bd1 68. Kf5 Kd8 69. Nf7+ Ke8 70. Kf6 Kd7 71. Ke5 Bb3 72. Ng5
Bc2 73. Nf3 Bd1 74. Nd4 Bg4 75. Nc2 Bd1 76. Ne3 Bb3 77. Ng2 Bd1 78. Nf4 Bf3 79.
Ne6 Bg4 80. Nf8+ Ke8 81. Nh7 Kd8 82. Nf6 Bd1 83. Kf5 Bc2+ 84. Kg5 Bd1 85. Kh6
Be2 86. Nxh5 Kd7 87. Ng3 Bg4 88. Kg5 Bf3 89. Nf5 Be4 90. Kf6 Bf3 91. Ke5 Bg4
92. Ne3 Bh5 93. Nd5 Kd8 94. Nf6 Bf7 95. h5 1-0

[Event "SR 2. liga A 2009/2010"]
[Site "?"]
[Date "2010.02.28"]
[Round "11.7"]
[White "Racik, Marek"]
[Black "Cajka, Tibor"]
[Result "0-1"]
[WhiteElo "1869"]
[BlackElo "1932"]
[PlyCount "70"]
[EventDate "2009.??.??"]
[WhiteTeam "Slovakia"]
[BlackTeam "II"]
[WhiteTeamCountry "SVK"]
[BlackTeamCountry "SVK"]

1. Nf3 d5 2. c4 c6 3. b3 Nf6 4. g3 Bg4 5. Bg2 Nbd7 6. Bb2 Qc7 7. O-O e5 8. cxd5
cxd5 9. d4 e4 10. Ne5 Bd6 11. Nxg4 Nxg4 12. e3 Ndf6 13. Nc3 Qd7 14. Rc1 h5 15.
Bh3 Rd8 16. Qe2 a6 17. f3 exf3 18. Qxf3 O-O 19. Rce1 Bb4 20. a3 Bxc3 21. Bxc3
Ne4 22. Bb4 Ng5 23. Qg2 Rfe8 24. Bxg4 hxg4 25. Rf4 Nh3+ 26. Kh1 Nxf4 27. gxf4
Qf5 28. Kg1 Qd3 29. Ba5 Rxe3 30. Rc1 Qxd4 31. Qf2 g3 32. hxg3 Rxg3+ 33. Kf1
Qd3+ 34. Qe2 Rg1+ 35. Kf2 Qg3# 0-1

[Event "SR 2. liga A 2009/2010"]
[Site "?"]
[Date "2010.02.28"]
[Round "11.7"]
[White "Soldan, Jan"]
[Black "Kuna, Vladimir"]
[Result "1-0"]
[WhiteElo "1909"]
[BlackElo "2063"]
[PlyCount "93"]
[EventDate "2009.??.??"]
[WhiteTeam "Slovakia"]
[BlackTeam "II"]
[WhiteTeamCountry "SVK"]
[BlackTeamCountry "SVK"]

1. e4 c5 2. Nf3 d6 3. d4 cxd4 4. Nxd4 Nf6 5. Nc3 a6 6. Be2 e6 7. O-O Qc7 8. a4
Nbd7 9. Be3 b6 10. f3 Bb7 11. Qe1 d5 12. exd5 Nxd5 13. Nxd5 Bxd5 14. c4 Bb7 15.
Qh4 Qe5 16. Bf2 Bc5 17. Rfe1 Qf6 18. Qxf6 Nxf6 19. Nb3 Bxf2+ 20. Kxf2 Ke7 21.
a5 b5 22. cxb5 axb5 23. Bxb5 Bd5 24. Nd4 Rhc8 25. b4 Kd6 26. Rec1 g6 27. Bd3 e5
28. Nb5+ Kd7 29. Nc3 Rab8 30. a6 Rxb4 31. Nxd5 Nxd5 32. Rxc8 Kxc8 33. a7 Rb2+
34. Kg3 Nc7 35. a8=Q+ Nxa8 36. Rxa8+ Kd7 37. Ra7+ Ke8 38. Bc4 f5 39. Rxh7 Rb4
40. Bf7+ Ke7 41. Bxg6+ Kf6 42. Be8 e4 43. fxe4 Rxe4 44. Bh5 Kg5 45. Bf3 Re3 46.
h4+ Kg6 47. Rb7 {zbytok zapisov je necitatelny} 1-0

[Event "SR 2. liga A 2009/2010"]
[Site "?"]
[Date "2010.02.28"]
[Round "11.7"]
[White "Takacs, Laszlo"]
[Black "Padysak, Tomas"]
[Result "0-1"]
[WhiteElo "1838"]
[BlackElo "2022"]
[PlyCount "96"]
[EventDate "2009.??.??"]
[WhiteTeam "Slovakia"]
[BlackTeam "II"]
[WhiteTeamCountry "SVK"]
[BlackTeamCountry "SVK"]

1. e4 c5 2. Nf3 d6 3. d4 cxd4 4. Nxd4 Nf6 5. Nc3 a6 6. Be2 e5 7. Nb3 Be7 8. Be3
Be6 9. O-O O-O 10. f3 Nbd7 11. Nd5 Nxd5 12. exd5 Bf5 13. c4 b6 14. f4 exf4 15.
Bxf4 Bg6 16. Nd4 Ne5 17. Qb3 Bf6 18. Rae1 Qc7 19. Bxe5 Bxe5 20. Nc6 Rfe8 21.
Bf3 Bf6 22. Bd1 b5 23. cxb5 Qb6+ 24. Kh1 Qxb5 25. Qxb5 axb5 26. b3 Bd3 27. Rg1
Kf8 28. a4 bxa4 29. bxa4 Bc4 30. Rxe8+ Kxe8 31. Bf3 Rxa4 32. h3 Kd7 33. Rb1 Ra1
34. Rxa1 Bxa1 35. Kg1 Kc7 36. g4 Bf6 37. Kf2 Kb6 38. Nb8 Kc5 39. Nd7+ Kd4 40.
Nxf6 gxf6 41. Kg3 Bxd5 42. Bd1 Ke3 43. Kh4 Be4 44. Kh5 f5 45. gxf5 Bxf5 46. h4
Be4 47. Kh6 f5 48. Kxh7 f4+ 0-1

[Event "SR 2. liga A 2009/2010"]
[Site "?"]
[Date "2010.02.28"]
[Round "11.8"]
[White "Adamcik, Tomas"]
[Black "Manak, Adrian"]
[Result "1-0"]
[WhiteElo "1940"]
[BlackElo "1815"]
[PlyCount "59"]
[EventDate "2009.??.??"]
[WhiteTeam "Slovakia"]
[BlackTeam "II"]
[WhiteTeamCountry "SVK"]
[BlackTeamCountry "SVK"]

1. Nf3 d5 2. c4 c6 3. b3 Nf6 4. Bb2 Bf5 5. d3 e6 6. Nbd2 Bc5 7. cxd5 cxd5 8. g3
Nbd7 9. Bg2 O-O 10. O-O h6 11. a3 Re8 12. b4 Bf8 13. Qb3 e5 14. Rfc1 Bd6 15.
Rc3 Qb6 16. Rd1 e4 17. dxe4 Nxe4 18. Nxe4 Bxe4 19. Re3 Nf6 20. Bd4 Qc7 21. Rc3
Qd7 22. Bxf6 gxf6 23. Nd4 Be5 24. Rc5 Rad8 25. e3 Bd6 26. Rcc1 Qe7 27. Bh3 Qe5
28. Bg2 h5 29. h4 Kg7 30. Ne2 1-0

[Event "SR 2. liga A 2009/2010"]
[Site "?"]
[Date "2010.02.28"]
[Round "11.8"]
[White "Grich, Juraj"]
[Black "Feher, Tibor"]
[Result "1-0"]
[WhiteElo "1989"]
[BlackElo "1782"]
[PlyCount "81"]
[EventDate "2009.??.??"]
[WhiteTeam "Slovakia"]
[BlackTeam "II"]
[WhiteTeamCountry "SVK"]
[BlackTeamCountry "SVK"]

1. d4 d5 2. c4 c6 3. Nf3 g6 4. e3 Nf6 5. Bd3 dxc4 6. Bxc4 Bg7 7. O-O O-O 8. Nc3
Nbd7 9. Qe2 Nb6 10. Bd3 Qc7 11. e4 e6 12. Bg5 Re8 13. Rac1 Nbd7 14. Rfd1 Qa5
15. Bc4 b5 16. Bb3 Ba6 17. Qe3 Bb7 18. Qf4 Rac8 19. Qh4 c5 20. d5 c4 21. dxe6
fxe6 22. Bc2 b4 23. Na4 Bc6 24. b3 Bxa4 25. bxa4 e5 26. Rd6 Rf8 27. h3 Rf7 28.
Rcd1 Qc7 29. Re6 Ne8 30. Re7 Rxe7 31. Bxe7 Bf6 32. Bxf6 Nexf6 33. Qg5 Kg7 34.
Qd2 a5 35. Ng5 Qc6 36. f4 h6 37. fxe5 Nxe5 38. Qd4 Qc5 39. Qxc5 Rxc5 40. Ne6+
Kf7 41. Nxc5 1-0

[Event "SR 2. liga A 2009/2010"]
[Site "?"]
[Date "2010.02.28"]
[Round "11.8"]
[White "Hefka, Vladimir"]
[Black "Karlik, Lukas"]
[Result "1-0"]
[WhiteElo "1973"]
[BlackElo "1848"]
[PlyCount "101"]
[EventDate "2009.??.??"]
[WhiteTeam "Slovakia"]
[BlackTeam "II"]
[WhiteTeamCountry "SVK"]
[BlackTeamCountry "SVK"]

1. d4 e6 2. c4 Nf6 3. g3 Bb4+ 4. Nd2 O-O 5. a3 Be7 6. Bg2 d5 7. e3 c5 8. Ne2
Nc6 9. O-O b6 10. b3 Ba6 11. Bb2 Rc8 12. dxc5 bxc5 13. Qc2 Qb6 14. Rab1 Rfd8
15. Rfe1 Rd7 16. cxd5 exd5 17. Bh3 Rcd8 18. Bxd7 Rxd7 19. Nf4 Bb7 20. Nd3 h5
21. Rbc1 c4 22. bxc4 d4 23. Nf3 dxe3 24. Bxf6 exf2+ 25. Qxf2 Bxf6 26. Qxb6 axb6
27. Re8+ Kh7 28. Nfe5 Nxe5 29. Nxe5 Rd2 30. Re1 Rg2+ 31. Kf1 Rxh2 32. Re2 Rh1+
33. Kf2 h4 34. Nf3 h3 35. Re1 Bxf3 36. Kxf3 Rh2 37. R8e2 Rxe2 38. Rxe2 Kg6 39.
Kg4 Bd4 40. Kxh3 f5 41. Re6+ Kg5 42. Rd6 Be3 43. a4 f4 44. Rd5+ Kf6 45. g4 Ke6
46. Kg2 Bc1 47. Kf3 Be3 48. Rg5 Kf6 49. Rb5 g6 50. a5 bxa5 51. Rxa5 1-0

[Event "SR 2. liga A 2009/2010"]
[Site "?"]
[Date "2010.02.28"]
[Round "11.8"]
[White "Pericka, Tomas"]
[Black "Jancicka, Viliam"]
[Result "1-0"]
[WhiteElo "1910"]
[BlackElo "1675"]
[PlyCount "67"]
[EventDate "2009.??.??"]
[WhiteTeam "Slovakia"]
[BlackTeam "II"]
[WhiteTeamCountry "SVK"]
[BlackTeamCountry "SVK"]

1. e4 c5 2. Nf3 Nc6 3. d4 cxd4 4. Nxd4 g6 5. c4 Bg7 6. Be3 d6 7. Nc3 Nf6 8. Be2
O-O 9. Qd2 Re8 10. h3 Bd7 11. Nc2 a6 12. O-O Rc8 13. Rac1 Ne5 14. b3 Bc6 15. f4
Ned7 16. Bf3 Qc7 17. Nd4 Rcd8 18. b4 e5 19. Nd5 Bxd5 20. cxd5 Qb8 21. fxe5 Nxe5
22. Bg5 Rc8 23. Kh1 Rxc1 24. Qxc1 Rc8 25. Qf4 Ne8 26. Bg4 Rc7 27. Ne6 Nxg4 28.
Nxc7 Qxc7 29. Qxg4 h5 30. Qf3 Be5 31. Rc1 Qd7 32. Qe2 f6 33. Be3 Nc7 34. Qc4
1-0

[Event "SR 2. liga A 2009/2010"]
[Site "?"]
[Date "2010.02.28"]
[Round "11.8"]
[White "Raczko, Peter"]
[Black "Krist, Milan"]
[Result "1/2-1/2"]
[WhiteElo "1962"]
[BlackElo "2013"]
[PlyCount "34"]
[EventDate "2009.??.??"]
[WhiteTeam "Slovakia"]
[BlackTeam "II"]
[WhiteTeamCountry "SVK"]
[BlackTeamCountry "SVK"]

1. e4 e6 2. d4 d5 3. exd5 exd5 4. Bd3 Nf6 5. Bf4 Bd6 6. Bxd6 Qxd6 7. c3 O-O 8.
Ne2 Bg4 9. Qc2 Nbd7 10. O-O Bxe2 11. Bxe2 Rfe8 12. Bf3 Re7 13. Na3 c6 14. Qd2
Rae8 15. Rfe1 Ne4 16. Bxe4 Rxe4 17. Nc2 Rxe1+ 1/2-1/2

[Event "SR 2. liga A 2009/2010"]
[Site "?"]
[Date "2010.02.28"]
[Round "11.8"]
[White "Rau, Vladimir"]
[Black "Zacik, Anton"]
[Result "0-1"]
[WhiteElo "1650"]
[BlackElo "2018"]
[PlyCount "82"]
[EventDate "2009.??.??"]
[WhiteTeam "Slovakia"]
[BlackTeam "II"]
[WhiteTeamCountry "SVK"]
[BlackTeamCountry "SVK"]

1. d4 Nf6 2. c4 g6 3. Nc3 d5 4. e3 Bg7 5. Nf3 O-O 6. Be2 dxc4 7. Bxc4 c5 8. O-O
cxd4 9. Nxd4 a6 10. Qb3 e5 11. Nf3 b5 12. Be2 Nbd7 13. e4 Bb7 14. Qb4 Re8 15.
Bg5 h6 16. Bh4 g5 17. Bg3 Bf8 18. Qb3 Nxe4 19. Nxe4 Bxe4 20. Rad1 Qe7 21. Rfe1
Bg6 22. Bf1 Bg7 23. Nd4 Rac8 24. Qe3 Qc5 25. Nb3 Qxe3 26. Rxe3 Red8 27. Rde1 f5
28. Bxe5 Nxe5 29. Rxe5 Bxe5 30. Rxe5 Kf7 31. Re1 Rc2 32. g3 Rxb2 33. Be2 Rxa2
34. Bf3 Ra3 35. Rb1 f4 36. Rb2 Kf6 37. Kg2 fxg3 38. Nc5 gxh2 39. Kxh2 Rxf3 40.
Kg2 Ra3 41. Re2 Bf5 0-1

[Event "SR 3. liga A2 2010/2011"]
[Site "?"]
[Date "2010.10.17"]
[Round "1.1"]
[White "Blatnicky, Miroslav"]
[Black "Horak, Ivan"]
[Result "1-0"]
[WhiteElo "2119"]
[BlackElo "2080"]
[PlyCount "85"]
[EventDate "2010.??.??"]
[WhiteTeam "Slovakia"]
[BlackTeam "II"]
[WhiteTeamCountry "SVK"]
[BlackTeamCountry "SVK"]

1. d4 Nf6 2. c4 c5 3. d5 b5 4. cxb5 a6 5. e3 axb5 6. Bxb5 g6 7. Nc3 Bg7 8. Nge2
O-O 9. O-O d6 10. e4 Nbd7 11. f3 Ba6 12. Bxa6 Rxa6 13. Be3 Qb6 14. Qd2 Rb8 15.
Rab1 Ne5 16. b3 Qb4 17. a4 Qb7 18. Nf4 Nfd7 19. Rfc1 Rb6 20. Nb5 Qa6 21. Nd3
Nxd3 22. Qxd3 Ne5 23. Qd1 R6b7 24. Kh1 h5 25. h3 Qa5 26. Bd2 Qd8 27. Bc3 Bh6
28. Rc2 Bf4 29. Bd2 Bg3 30. f4 Nd7 31. Qf3 Bh4 32. Bc3 Bf6 33. Bxf6 Nxf6 34.
Rd1 Ne8 35. f5 Nf6 36. fxg6 fxg6 37. e5 Ne8 38. Qg3 Kh7 39. Rf1 dxe5 40. Rf7+
Ng7 41. Qxe5 Qg8 42. Rcf2 Rd8 43. Nc7 1-0

[Event "SR 3. liga A2 2010/2011"]
[Site "?"]
[Date "2010.10.17"]
[Round "1.1"]
[White "Janko, Michal"]
[Black "Pribila, Gerhard"]
[Result "1/2-1/2"]
[WhiteElo "2274"]
[BlackElo "2032"]
[PlyCount "78"]
[EventDate "2010.??.??"]
[WhiteTeam "Slovakia"]
[BlackTeam "II"]
[WhiteTeamCountry "SVK"]
[BlackTeamCountry "SVK"]

1. e4 c5 2. Nf3 d6 3. c3 Nf6 4. Be2 Nc6 5. d4 e6 6. d5 exd5 7. exd5 Ne7 8. c4
b5 9. O-O g6 10. Na3 b4 11. Nc2 Bg7 12. a3 bxa3 13. Nxa3 Bd7 14. Nb1 O-O 15.
Nc3 Nc8 16. Bf4 Qb6 $11 17. Ra2 Re8 18. Bd3 Rb8 19. h3 Qb3 20. Qa1 Nh5 21. Bh2
f5 22. Nd2 Qb4 23. Nf3 Nf6 $11 24. Re1 Qb3 25. Bf4 h6 26. Bd2 Rxe1+ 27. Nxe1
Kf7 $11 28. Nc2 Ne4 29. Bxe4 fxe4 30. Ne3 Be5 31. Nxe4 Bxb2 32. Qb1 Be5 33.
Qxb3 Rxb3 34. g4 Rb1+ 35. Kg2 Ra1 36. Rxa1 Bxa1 37. Nc2 Bg7 38. Ba5 Ke7 39. Na3
Bb2 $11 1/2-1/2

[Event "SR 3. liga A2 2010/2011"]
[Site "?"]
[Date "2010.10.17"]
[Round "1.1"]
[White "Kovacocy, Pavel"]
[Black "Gasa, Andrej"]
[Result "0-1"]
[WhiteElo "2239"]
[BlackElo "2256"]
[PlyCount "82"]
[EventDate "2010.??.??"]
[WhiteTeam "Slovakia"]
[BlackTeam "II"]
[WhiteTeamCountry "SVK"]
[BlackTeamCountry "SVK"]

1. e4 c5 2. d3 Nc6 3. g3 g6 4. Bg2 Bg7 5. f4 e6 6. Nf3 Nge7 7. O-O O-O 8. c3 d5
9. e5 Qb6 10. Qe2 a5 11. Na3 Qd8 12. Be3 b6 13. Rfd1 Ba6 14. Bf2 Rc8 15. Nc2
Qd7 16. h3 Rb8 17. Qe1 a4 18. g4 Bh6 19. Bh4 d4 20. c4 Bg7 21. Bf6 h6 22. Qh4
Rfc8 23. Nd2 g5 24. fxg5 Ng6 25. Qg3 hxg5 26. Ne4 Nf4 27. Nxg5 Ne2+ 28. Kh2
Nxg3 29. Kxg3 Nxe5 30. Rf1 Bb7 31. Ne4 Nxd3 32. g5 Qc7+ 33. Kh4 Nf4 34. Bh1
Ng6+ 35. Kg4 Bxe4 36. Bxe4 Bxf6 37. Rxf6 Ne5+ 38. Kh5 Kg7 39. Raf1 Rh8+ 40. Rh6
Ng6 41. Rf3 Qe5 0-1

[Event "SR 3. liga A2 2010/2011"]
[Site "?"]
[Date "2010.10.17"]
[Round "1.1"]
[White "Lesny, Stefan"]
[Black "Jablonicky, Frantisek"]
[Result "1/2-1/2"]
[WhiteElo "2100"]
[BlackElo "2150"]
[PlyCount "61"]
[EventDate "2010.??.??"]
[WhiteTeam "Slovakia"]
[BlackTeam "II"]
[WhiteTeamCountry "SVK"]
[BlackTeamCountry "SVK"]

1. e4 c6 2. f4 d5 3. e5 Bf5 4. Nf3 e6 5. d3 c5 6. g3 h5 7. Bg2 Be7 8. Nc3 Nc6
9. a3 Qb6 10. Qd2 Nh6 11. Nd1 Bg4 12. c3 Nf5 13. Ne3 Na5 14. Rb1 Nb3 15. Qc2 c4
16. Nxg4 hxg4 17. Nd4 Nfxd4 18. cxd4 cxd3 19. Qxd3 Nxd4 20. b4 Rc8 21. Bb2 Nf5
22. Ke2 O-O 23. h3 gxh3 24. Rxh3 Qa6 25. Qxa6 bxa6 26. Kd3 f6 27. g4 Nh6 28.
exf6 Bxf6 29. Bxf6 Rxf6 30. g5 Rg6 31. Bf3 $11 1/2-1/2

[Event "SR 3. liga A2 2010/2011"]
[Site "?"]
[Date "2010.10.17"]
[Round "1.1"]
[White "Stetina, Erik"]
[Black "Kapusta, Petr"]
[Result "1-0"]
[WhiteElo "2025"]
[BlackElo "2172"]
[PlyCount "123"]
[EventDate "2010.??.??"]
[WhiteTeam "Slovakia"]
[BlackTeam "II"]
[WhiteTeamCountry "SVK"]
[BlackTeamCountry "SVK"]

1. e4 c5 2. Nf3 d6 3. d4 cxd4 4. Nxd4 Nf6 5. Nc3 a6 6. Be2 e5 7. Nb3 Be7 8. a4
Be6 9. O-O O-O 10. Be3 Nc6 11. f3 Rc8 12. Qd2 d5 13. exd5 Nxd5 14. Nxd5 Qxd5
15. Qxd5 Bxd5 16. c4 Be6 17. Rfd1 Nb4 18. Rac1 b5 19. axb5 axb5 20. Nd2 Na2 21.
Ra1 bxc4 22. Rxa2 c3 23. Ra7 Bb4 24. bxc3 Rxc3 25. Bf2 Rc2 26. Ne4 Rxe2 27. Rb1
Rc8 28. Kf1 Bc4 29. Rxb4 Rxe4+ 30. Kg1 Re2 31. Rxc4 Rb8 32. Rac7 g6 33. Rc8+
Rxc8 34. Rxc8+ Kg7 35. Re8 f5 36. Kf1 Rd2 37. Rxe5 Kf6 38. Re2 Rd3 39. Ra2 f4
40. Ke2 Rd7 41. Ra4 g5 42. Bd4+ Kg6 43. Ra6+ Kh5 44. Kd3 Re7 45. Ra7 Re1 46.
Rxh7+ Kg6 47. Rb7 Rd1+ 48. Ke4 Re1+ 49. Kd5 Rh1 50. h3 Rh2 51. Rb2 Kf5 52. Rb6
g4 53. hxg4+ Kg5 54. Bc5 Rh7 55. Re6 Kh4 56. Bf2+ Kg5 57. Ke4 Rh2 58. Bc5 Rh7
59. Be7+ Rxe7 60. Rxe7 Kh4 61. Rh7+ Kg3 62. g5 1-0

[Event "SR 3. liga A2 2010/2011"]
[Site "?"]
[Date "2010.10.17"]
[Round "1.1"]
[White "Veselsky, Jozef"]
[Black "Mihalik, Marek"]
[Result "0-1"]
[WhiteElo "2118"]
[BlackElo "2080"]
[PlyCount "120"]
[EventDate "2010.??.??"]
[WhiteTeam "Slovakia"]
[BlackTeam "II"]
[WhiteTeamCountry "SVK"]
[BlackTeamCountry "SVK"]

1. d4 Nf6 2. Nf3 e6 3. c4 Bb4+ 4. Bd2 c5 5. dxc5 Bxc5 6. Nc3 O-O 7. e3 Nc6 8.
Bd3 d5 9. O-O e5 10. cxd5 Nxd5 11. Be4 Be6 12. Nxd5 Bxd5 13. Qc2 Bxe4 14. Qxe4
Qe7 15. Rac1 Bd6 16. Qc4 e4 17. Nd4 Ne5 18. Qd5 Nd3 19. Nf5 Qe5 20. Qxd6 Qxf5
21. Rc7 Rad8 22. Qg3 Rd7 23. Bc3 f6 24. Rxd7 Qxd7 25. h3 Qe7 26. f3 exf3 27.
Rxf3 Nc1 28. Qg4 Ne2+ 29. Kh1 Nxc3 30. bxc3 Rd8 31. Rg3 Qd7 32. Qc4+ Kh8 33.
Rg4 Qd1+ 34. Kh2 Qd6+ 35. Kg1 Qd1+ 36. Kh2 Qd6+ 37. Qf4 g5 38. Qxd6 Rxd6 39.
Rd4 Rc6 40. Rd7 Rxc3 41. Rxb7 Ra3 42. Rb2 a5 43. Re2 Kg7 44. Kg3 f5 45. Kf2 Kf6
46. g3 h5 47. Rb2 Ke5 48. Rc2 Ke4 49. Rc4+ Kd3 50. Rd4+ Kc3 51. Rd5 Rxa2+ 52.
Kf1 h4 53. gxh4 gxh4 54. Rxf5 a4 55. Rf4 a3 56. Rxh4 Rh2 57. Ra4 Kb3 58. Ra8 a2
59. Kg1 Rxh3 60. Kf2 Rh1 0-1

[Event "SR 3. liga A2 2010/2011"]
[Site "?"]
[Date "2010.10.27"]
[Round "1.2"]
[White "Gono, Michal"]
[Black "Meszaros, Lorant"]
[Result "1-0"]
[WhiteElo "1951"]
[BlackElo "2076"]
[PlyCount "153"]
[EventDate "2010.??.??"]
[WhiteTeam "Slovakia"]
[BlackTeam "II"]
[WhiteTeamCountry "SVK"]
[BlackTeamCountry "SVK"]

1. Nf3 f5 2. b3 d6 3. d4 Nf6 4. Nbd2 g6 5. Bb2 Bg7 6. g3 O-O 7. Bg2 Ne4 8. O-O
c5 9. c4 Nc6 10. e3 cxd4 11. Nxd4 Nxd2 12. Qxd2 Ne5 13. Nf3 Qc7 14. Nxe5 dxe5
15. Rad1 Be6 16. Bd5 Bxd5 17. Qxd5+ Kh8 18. Qd7 Rac8 19. Rd5 e4 20. Bxg7+ Kxg7
21. Rfd1 Rf6 22. Qa4 Ra6 23. Qb4 Rb6 24. Qc3+ Kf7 25. Rd7 Qc6 26. Qe5 Qe6 27.
Qf4 h5 28. Qh6 Qf6 29. Rd8 Rxd8 30. Qh7+ Ke6 31. Rxd8 Rd6 32. Qg8+ Qf7 33. Qh8
Rxd8 34. Qxd8 g5 35. Qd5+ Kf6 36. Qxb7 h4 37. Kg2 Qh5 38. Qa6+ e6 39. c5 Qd1
40. Qf1 Qc2 41. gxh4 Qxc5 42. Qa1+ e5 43. hxg5+ Kxg5 44. Qb2 f4 45. exf4+ exf4
46. Qg7+ Kh5 47. Qh7+ Kg5 48. Qxe4 a5 49. Qc4 Qe5 50. a4 Kh4 51. Kf3 Qh5+ 52.
Kxf4 Kh3 53. Qb5 Qh6+ 54. Ke4 Qh4+ 55. f4 Qe1+ 56. Kf5 Kxh2 57. Kg6 Qe6+ 58.
Kg5 Qg8+ 59. Kf6 Qf8+ 60. Ke6 Qh6+ 61. Ke5 Qg7+ 62. Kd5 Qf7+ 63. Kc5 Qxf4 64.
Kb6 Qd2 65. Qe5+ Kg2 66. Qe4+ Kg3 67. Ka6 Qc3 68. Qc4 Qd2 69. Qc7+ Kf3 70. Qxa5
Qd7 71. Qb5 Qd8 72. Qc6+ Ke2 73. b4 Qd4 74. a5 Kd3 75. b5 Qa4 76. Qd5+ Kc3 77.
b6 1-0

[Event "SR 3. liga A2 2010/2011"]
[Site "?"]
[Date "2010.10.17"]
[Round "1.2"]
[White "Pribila, Michal"]
[Black "Janko, Ladislav"]
[Result "1-0"]
[WhiteElo "2103"]
[BlackElo "2239"]
[PlyCount "53"]
[EventDate "2010.??.??"]
[WhiteTeam "Slovakia"]
[BlackTeam "II"]
[WhiteTeamCountry "SVK"]
[BlackTeamCountry "SVK"]

1. e4 c5 2. c3 d5 3. exd5 Qxd5 4. Nf3 Nc6 5. d4 cxd4 6. cxd4 e5 7. Nc3 Bb4 8.
Bd2 Bxc3 9. Bxc3 exd4 10. Nxd4 Nge7 11. Nxc6 Qxc6 12. Qh5 O-O 13. O-O-O Ng6 14.
h4 Be6 15. Qg5 f6 16. Qg3 Bxa2 17. h5 Ne7 18. Bd3 Rac8 19. h6 g6 20. Bc2 Qc7
21. Qf3 b5 22. Rh4 a5 23. Rhd4 b4 24. Rd7 Qc5 25. Qe4 bxc3 26. Rxe7 Bc4 27.
Rg7+ 1-0

[Event "SR 3. liga A2 2010/2011"]
[Site "?"]
[Date "2010.10.17"]
[Round "1.2"]
[White "Sebesta, Radovan"]
[Black "Cechovic, Stefan"]
[Result "1/2-1/2"]
[WhiteElo "2076"]
[BlackElo "2190"]
[PlyCount "24"]
[EventDate "2010.??.??"]
[WhiteTeam "Slovakia"]
[BlackTeam "II"]
[WhiteTeamCountry "SVK"]
[BlackTeamCountry "SVK"]

1. d4 Nf6 2. c4 e6 3. Nc3 d5 4. cxd5 exd5 5. Bg5 Be7 6. e3 O-O 7. Bd3 c6 8. Qc2
h6 9. Bh4 Re8 10. Nge2 Nbd7 11. O-O Nh5 12. Bxe7 Qxe7 $11 1/2-1/2

[Event "SR 3. liga A2 2010/2011"]
[Site "?"]
[Date "2010.10.17"]
[Round "1.2"]
[White "Sefcik, Marek"]
[Black "Hirmajer, Jan"]
[Result "1-0"]
[WhiteElo "2025"]
[BlackElo "2030"]
[PlyCount "155"]
[EventDate "2010.??.??"]
[WhiteTeam "Slovakia"]
[BlackTeam "II"]
[WhiteTeamCountry "SVK"]
[BlackTeamCountry "SVK"]

1. d4 Nf6 2. Bf4 g6 3. e3 Bg7 4. c3 O-O 5. Be2 d6 6. h3 c6 7. Nf3 Qb6 8. Qb3
Qc7 9. Nbd2 Be6 10. Qc2 a5 11. O-O b5 12. c4 Qb7 13. b3 Rc8 14. Ng5 Bd7 15.
Nge4 Nxe4 16. Qxe4 Bf5 17. Qf3 e5 18. g4 Be6 19. Bg3 bxc4 20. bxc4 exd4 21. Ne4
dxe3 22. Nxd6 exf2+ 23. Qxf2 Qa7 24. Qxa7 Rxa7 25. Nxc8 Bxa1 26. Rxa1 Rb7 27.
Nd6 Rb2 28. Kf1 Nd7 29. Ne4 f6 30. Bf2 Kf7 31. a4 h5 32. gxh5 Bxh3+ 33. Ke1
gxh5 34. Bxh5+ Ke7 35. Ra3 Be6 36. Be2 Rb1+ 37. Kd2 Rb2+ 38. Kd1 Bf5 39. Nd2
Ne5 40. Bd4 Rb8 41. Re3 Kd6 42. Nb3 Be6 43. Bc5+ Kd7 44. Nxa5 Ra8 45. Bb4 c5
46. Bd2 Rb8 47. Ra3 Kc7 48. Bf4 Rb1+ 49. Kc2 Bf5+ 50. Kd2 Rb2+ 51. Ke3 Bd7 52.
Bxe5+ fxe5 53. Bd1 Bf5 54. Nb3 Rb1 55. Be2 Rh1 56. Nxc5 Rh3+ 57. Bf3 Kb6 58.
Ne4 Ka5 59. Ra1 Bd7 60. Kf2 Rh2+ 61. Ke3 Rh3 62. Ng5 Rg3 63. Ne4 Rh3 64. c5 Bc6
65. Nd2 Bxa4 66. c6 Kb5 67. Rc1 Kb6 68. c7 Bd7 69. c8=Q Bxc8 70. Rxc8 Rh4 71.
Nc4+ Kb5 72. Nxe5 Kb4 73. Be4 Rh3+ 74. Kd4 Rh6 75. Rb8+ Ka3 76. Kc3 Rh3+ 77.
Bd3 Ka4 78. Ra8# 1-0

[Event "SR 3. liga A2 2010/2011"]
[Site "?"]
[Date "2010.10.17"]
[Round "1.2"]
[White "Sekera, Branislav"]
[Black "Merva, Frantisek"]
[Result "1/2-1/2"]
[WhiteElo "2149"]
[BlackElo "2038"]
[PlyCount "141"]
[EventDate "2010.??.??"]
[WhiteTeam "Slovakia"]
[BlackTeam "II"]
[WhiteTeamCountry "SVK"]
[BlackTeamCountry "SVK"]

1. Nf3 Nf6 2. g3 c5 3. Bg2 Nc6 4. O-O e5 5. d3 d5 6. c3 Be7 7. Qc2 O-O 8. e4
Bg4 9. h3 Bxf3 10. Bxf3 Qd7 11. Bg2 dxe4 12. dxe4 Rad8 13. Nd2 Qd3 14. Qa4 b5
15. Qb3 a6 16. Re1 c4 17. Qd1 Bc5 18. Qf3 Qc2 19. Nf1 Rd3 20. Qe2 Qxe2 21. Rxe2
Rfd8 22. Bg5 R8d6 23. Be3 Nd7 24. Bf3 Kf8 25. Kg2 Bxe3 26. Nxe3 Nc5 27. Nd5 f5
28. Nb4 fxe4 29. Bxe4 Nxb4 30. cxb4 Nxe4 31. Rxe4 Rd2 32. Rxe5 Rf6 33. Rf1 Rxb2
34. a3 Ra2 35. Re3 Rd6 36. Rfe1 h6 37. Rf3+ Rf6 38. Rxf6+ gxf6 39. Re3 Kf7 40.
Kf1 Rd2 41. Ke1 Ra2 42. Kf1 Kg6 43. Kg2 Kf5 44. Kf3 Rb2 45. g4+ Kg6 46. Re6
Rb3+ 47. Kf4 Rxa3 48. h4 Ra2 49. f3 a5 50. bxa5 b4 51. Rb6 b3 52. Rb7 h5 53.
Ke3 Rxa5 54. Kd4 hxg4 55. fxg4 Ra4 56. Kc3 Ra5 57. Rb6 Kg7 58. g5 fxg5 59. hxg5
Rxg5 60. Rd6 Rc5 61. Rb6 Rc8 62. Rd6 Rb8 63. Rd1 Rc8 64. Rd6 Kf7 65. Rb6 Rc7
66. Rd6 Ke7 67. Rh6 Rc5 68. Rb6 Rc8 69. Rh6 Ra8 70. Kxc4 b2 71. Rb6 1/2-1/2

[Event "SR 3. liga A2 2010/2011"]
[Site "?"]
[Date "2010.10.17"]
[Round "1.2"]
[White "Strakac, Petr"]
[Black "Bukovsky, Milan"]
[Result "1-0"]
[WhiteElo "2046"]
[BlackElo "1985"]
[PlyCount "110"]
[EventDate "2010.??.??"]
[WhiteTeam "Slovakia"]
[BlackTeam "II"]
[WhiteTeamCountry "SVK"]
[BlackTeamCountry "SVK"]

1. e4 e5 2. Nf3 Nc6 3. Bb5 Nf6 4. Nc3 Bb4 5. O-O O-O 6. d3 d6 7. Bg5 Bxc3 8.
bxc3 Qe7 9. Nd2 h6 10. Bh4 g5 11. Bg3 Bg4 12. f3 Bh5 13. Bf2 Nd8 14. Be3 Ne6
15. d4 Nf4 16. g4 Bg6 17. d5 Kg7 18. Bxf4 gxf4 19. Qe1 Rh8 20. Kg2 Ng8 21. Rh1
h5 22. h3 hxg4 23. hxg4 Nf6 24. Qf2 a6 25. Bd3 Nh7 26. Nb3 b6 27. a4 a5 28. Rh2
Qg5 29. Qh4 Qxh4 30. Rxh4 Ng5 31. Rah1 Rxh4 32. Rxh4 f6 33. Bb5 Be8 34. Bxe8
Rxe8 35. Nd2 c6 36. c4 cxd5 37. cxd5 Rc8 38. c4 Nf7 39. Rh1 Ng5 40. Rb1 Rb8 41.
c5 dxc5 42. Nc4 Nf7 43. Rxb6 Rxb6 44. Nxb6 Nd6 45. Kf2 Kg6 46. Ke2 Kg5 47. Kd3
Kh4 48. Nc4 Nb7 49. d6 Kg3 50. Ke2 Nd8 51. d7 Ne6 52. Nxe5 fxe5 53. g5 c4 54.
g6 c3 55. g7 Nxg7 1-0